Ускоренное определение микроконцентраций меди в индии без отделения основной массы индия; Полярографическое определение ультрамикропримесей с накоплением их на стационарных ртутных или твердых электродах с последующим растворением; С. 90-92

Detalles Bibliográficos
Parent link:Полярографическое определение ультрамикропримесей с накоплением их на стационарных ртутных или твердых электродах с последующим растворением.— , 1963
С. 90-92.— 1963
Otros Autores: Захаров М. С., Каплин А. А., Тютюнькова Р. С., Стромберг А. Г. Армин Генрихович
Lenguaje:ruso
Publicado: 1963
Materias:
Formato: MixedMaterials Capítulo de libro
KOHA link:https://koha.lib.tpu.ru/cgi-bin/koha/opac-detail.pl?biblionumber=188212

MARC

LEADER 00000naa2a2200000 4500
001 188212
005 20250609143134.0
035 |a (RuTPU)RU\TPU\book\204442 
035 |a RU\TPU\tpu\1894 
090 |a 188212 
100 |a 20101206d1963 k||y0rusy50 ca 
101 0 |a rus 
102 |a RU 
200 1 |a Ускоренное определение микроконцентраций меди в индии без отделения основной массы индия  |f А. Г. Стромберг [и др.] 
461 1 |0 (RuTPU)RU\TPU\book\204330  |t Полярографическое определение ультрамикропримесей с накоплением их на стационарных ртутных или твердых электродах с последующим растворением  |d 1963 
463 1 |t С. 90-92  |d 1963 
610 1 |a химические науки 
610 1 |a труды учёных ТПУ 
701 1 |a Захаров  |b М. С. 
701 1 |a Каплин  |b А. А. 
701 1 |a Тютюнькова  |b Р. С. 
701 1 |a Стромберг  |b А. Г.  |c химик, специалист в области классической полярографии и инверсионной вольтамперометрии  |c профессор Томского политехнического института  |f 1910-2004  |g Армин Генрихович  |3 (RuTPU)RU\TPU\pers\11188  |4 070  |9 2478 
801 0 |a RU  |b 63413507  |c 20011210  |g PSBO 
801 2 |a RU  |b 63413507  |c 20101211  |g PSBO 
850 |a 63413507 
942 |c BK